000 00652nam a2200241Ia 4500
005 20260430150315.0
008 008 250103s9999 xx 000 0 eng d
037 _aTheses
040 _aCRL
040 _beng
040 _ceng
041 _2eng
041 _aeng
084 _qCRL
100 _aVidisha Au.; Chadha Ravinder Gu.
_91237103
245 0 _aDevelopment and Evaluation of Food Photograph Series Software for Portion size Estimation
260 _c2022
300 _a598
650 _aScience
700 _aUniversity of Delhi. Faculty of Science. Deptt. of Home Science
_91236642
942 _cTH
999 _c1849471
_d1849471